000 00915nmm a2200277 a 4500
001 ocm000713133
003 TR-IsHL
005 20201028154357.0
008 150709s2009 tu tur
007 cr cn
035 _a713133
_b(N$T)
050 0 4 _aRG527.5
_b.M47 2009
090 0 4 _aRG527.5
_b.M47 2009
100 1 _aMerz, Eberhard
245 1 0 _aObstetrik ve jinekolojide ultrason I
_h[electronic resource] /
_cEberhard Merz ; çev. ed. Selçuk Özden
250 _a2. bs.
260 _aAnkara :
_bAtlas Kitapçılık,
_c2009
300 _a954 p.
650 4 _aTıp
650 4 _aMedicine
650 0 _aKadın hastalıkları (jinekoloji) ve doğum
650 0 _aWomen's diseases (gynecology) and birth
650 7 _aMEDICAL / Gynecology & Obstetrics
_2bisacsh
700 1 _aÖzden, Selçuk
856 4 0 _uhttp://search.ebscohost.com/login.aspx?direct=true&scope=site&db=e011xww&AN=713133
999 _c12543
_d12543